000 00618nam a2200205Ia 4500
003 IN-BaIIA
008 211028s9999 xx 000 0 eng d
020 _a0-306-17066-3
040 _cIIA Library
080 _a047.1:533.9
_bREV-6
245 0 _aReviews of plasma physics
_cedited by Mikhail Alexandrovich Leontovich
260 _aNew York
_bConsultants Bureau
_c1975
300 _axiv, 331p.
650 _aAstronomy and astrophysics Thesaurus
650 _aMagnetohydrodynamics
_91666
650 _aPlasma physics
_93732
650 _aPlasmas
_91898
700 _aLeontovich, Acad. M. A., ed.
_910612
942 _cBK
999 _c6139
_d6139